| 000 | 01604nkm a2200337 a 4500 | ||
|---|---|---|---|
| 999 |
_c325760 _d325760 |
||
| 003 | BLK | ||
| 005 | 20250618155519.0 | ||
| 008 | 181026b bu ||||| |||| 00| 0 bu d | ||
| 020 | _a978-619-7465-00-6 | ||
| 040 | _aBLK | ||
| 041 |
_aBUL _cBUL |
||
| 080 |
_aБродиране - Гоблени, бяла и цветна бродерия, апликации и др. _b746.3 _x(497.2)(084.2) _z746.3(497.2)(084.2) |
||
| 080 |
_aБългарска литература _b821.163.2 _x-192 _z821.163.2-192 |
||
| 100 |
_aЙорданова, Елисавета Христова _eпърви автор _91299 |
||
| 139 |
_aЙорданова, Елисавета Христова _bИ 83 |
||
| 245 |
_aПриказки в шевици : 70 авторски схеми българска бродерия. Ч. 1 _cЕлисавета Йорданова ; състав. Венцислав Димов, Мила Милчева |
||
| 257 | _aBGR | ||
| 260 |
_9390372 _aПловдив _bНаследството.БГ _c2018 |
||
| 300 |
_a1 албум (96 с.) _bс ил. _c22Х31 см |
||
| 380 | _a7 | ||
| 500 | _aДа изпишеш света, да извезеш приказка, да подмладиш традицията / Лозанка Пейчева, Венцислав Димов: с. 3-6 | ||
| 650 | 0 |
_9343729 _aБродерия - албуми |
|
| 650 | 7 |
_9177812 _aШевици, български |
|
| 852 |
_aЦб 303021 _bЦб |
||
| 942 |
_cGRA _n0 _024 _s1 |
||
| 999 | _d325760 | ||
| 999 | _d325760 | ||
| 999 | _d325760 | ||
| 999 | _d325760 | ||
| 944 |
_k30542 _lРусанова Ирена |
||